Analysis and design of power amplifier for communications at Ku Band (Record no. 342392)
[ view plain ]
| 000 -LEADER | |
|---|---|
| fixed length control field | 00559nam a2200145 4500 |
| 082 ## - DEWEY DECIMAL CLASSIFICATION NUMBER | |
| Classification number | MSEE-5 FAI |
| 100 ## - MAIN ENTRY--PERSONAL NAME | |
| Personal name | Muhammad Faisal Kaukab |
| 245 ## - TITLE STATEMENT | |
| Title | Analysis and design of power amplifier for communications at Ku Band |
| 260 ## - PUBLICATION, DISTRIBUTION, ETC. | |
| Place of publication, distribution, etc. | (Islamabad) |
| Name of publisher, distributor, etc. | NUST-SEECS |
| Date of publication, distribution, etc. | 2017 |
| 300 ## - PHYSICAL DESCRIPTION | |
| Extent | 88p. |
| 856 ## - Uniform Resource Identifier | |
| Uniform Resource Identifier | <a href="http://10.250.8.41:8080/xmlui/handle/123456789/20312">http://10.250.8.41:8080/xmlui/handle/123456789/20312</a> |
| 942 ## - ADDED ENTRY ELEMENTS (KOHA) | |
| Source of classification or shelving scheme | |
| Koha item type | Thesis |
| Withdrawn status | Lost status | Source of classification or shelving scheme | Damaged status | Not for loan | Collection code | Permanent Location | Current Location | Shelving location | Date acquired | Source of acquisition | Total Checkouts | Full call number | Barcode | Date last seen | Price effective from | Koha item type |
|---|---|---|---|---|---|---|---|---|---|---|---|---|---|---|---|---|
| Central Library (CL) | Central Library (CL) | General Stacks | 12/23/2017 | NUST-SEECS | MSEE-5 FAI | SEECSP02243 | 12/23/2017 | 12/23/2017 | Project Report | |||||||
| Central Library (CL) | Central Library (CL) | Thesis | 10/09/2019 | 621.3 MSEE-5 FAI | CL-T-3378 | 10/09/2019 | 10/09/2019 | Thesis |
